Dragon Ball Characters - Statistics

General Stats
  • This quiz has been taken 57 times
  • The average score is 45 of 139
Answer Stats
Hint Answer % Correct
Saiyan Gohan
100%
Saiyan Goku
100%
Saiyan Vegeta
100%
1/2 Saiyan Goten
98%
Saiyan Bardock
84%
Saiyan Fusion Gogeta
80%
Saiyan Fusion Vegitto
78%
Android Android 17
74%
Saiyan Broly
74%
Human Krillin
74%
Android Android 16
72%
Android Android 18
72%
Saiyan Nappa
72%
1/4 Saiyan Pan
72%
Namekian Piccolo
72%
Angel Whis
72%
Human Bulma
70%
Saiyan Fusion Gotenks
70%
Android Android 13
68%
Android Android 15
68%
Destroyer Beerus
68%
Saiyan Raditz
68%
Android Android 14
66%
Android Android 19
66%
Saiyan King Vegeta
66%
Human Yamcha
66%
Ruler Of All Univere's Zeno
62%
Android Cell
60%
1/2 Saiyan Future Trunks
60%
1/2 Saiyan Bulla
58%
Destroyer Champa
58%
Human Chi-Chi
58%
Destroyer Giin
58%
Namekian Nail
58%
Human Tien
58%
Angel Vados
58%
Android Android 21
56%
Android Android 8
56%
Namekian Dende
54%
Saiyan Cabba
52%
Saiyan Turles
52%
Saiyan Kale
50%
Supreme Kai Shin
50%
Namekian Kami
48%
Saiyan Tarble
48%
Android Dr. Gero
46%
Demons Dabura
44%
Namekian Guru
44%
Arcosians Frieza
42%
Saiyan Paragus
42%
Human Videl
42%
Kai King Kai
40%
Dragon Shenron
40%
Human Mr.Satan
38%
Human Chiaotzu
36%
Saiyan Fasha
36%
Saiyan Gine
36%
Dragon Porunga
36%
Majin Babidi
34%
Arcosians Cooler
34%
Dragon Super Shenron
32%
Kai West Kai
32%
Human Yajirobe
32%
Kai East Kai
30%
Majin Pui Pui
30%
Arcosians King Cold
28%
Kai South Kai
28%
Majin Yakon
28%
Majin Bibidi
26%
Majin Spopovich
26%
Majin Yamu
26%
Majin Boo
24%
Android Super 17
24%
Android Super Android 13
24%
Destroyer Belmod
22%
Android Cell Max
22%
Dragon Syn Shenron
22%
Saiyan Goku Black
20%
Android Gamma 1
18%
Android Gamma 2
18%
Supreme Kai Gowasu
18%
Demons Janemba
18%
Namekian Moori
18%
Arcosians Frost
16%
Ceralians Granolah
16%
Kai Grand Kai
14%
Namekian Lord Slug
14%
Destroyer Quitela
14%
Saiyan Tora
14%
Human Uub
14%
Arcosians Chilled
12%
Destroyer Heles
12%
Angel Marcarita
12%
Namekian Tambourine
12%
Dragon Black Smoke Shenron
10%
Angel Merus
10%
Destroyer Arak
8%
Destroyer Sidra
8%
Angel Sour
8%
Angel Camparri
6%
Namekian Drum
6%
Destroyer Iwan
6%
Destroyer Liquiir
6%
Angel Martinu
6%
Angel Mohito
6%
Destroyer Rumsshi
6%
Demons Towa
6%
Angel Awamo
4%
Angel Cognac
4%
Angel Cukatail
4%
Angel Grand Minister
4%
Angel Korn
4%
Angel Kusu
4%
Destroyer Mosco
4%
Dragon Toronbo
4%
Grand Supreme Kai Dai Kaioshin
2%
Arcosians Kuriza
2%
Namekian Pilina
2%
Namekian Saonel
2%
Supreme Kai Agu
0%
Supreme Kai Anato
0%
Android Arale Norimaki
0%
Supreme Kai Chronoa
0%
Demons Demigra
0%
Supreme Kai Eyre
0%
Ceralians Flayk
0%
Supreme Kai Fuwa
0%
Supreme Kai Iru
0%
Namekian Katas
0%
Supreme Kai Khai
0%
Supreme Kai Kuru
0%
Namekian Maima
0%
Android Major Metallitron
0%
Angel Makkora
0%
Ceralians Muezli
0%
Supreme Kai Ogma
0%
Supreme Kai Pell
0%
Supreme Kai Roh
0%
Namekian Tsumuri
0%
No matching quizzes found
Score Distribution
Percent of People with Each Score
Percentile by Number Answered
Your Score History
You have not taken this quiz